000 01398nam a2200229 a 4500
001 000025116
005 20200930023556.0
008 110210s1935 sp abc 000 0 spa d
020 _a8423948005 (obra completa)
040 _aDO-SdBNP
_bspa
_cBNPHU
082 _a946
_bH673e
245 0 0 _aHistoria de España /
_cFundada Ramón Menéndez Pidal ; dirigida José María Jover Zamora.
260 _aMadrid :
_bEspasa-Calpe,
_c1935-.
300 _av. :
_bil. map., retrs. ;
_c29 cm.
500 _aLa biblioteca posee los volumenes 19, 23, 31, 35, 39.
504 _aIncluye bibliografía e índices
505 0 _gv.19
_tEl siglo XVI: Economía. Sociedad. Instituciones --
_gv.23
_tLa crisis del siglo XVII: La población. La economía. La sociedad --
_gv.31. t.1.
_tLa época de la ilustración: El estado y la cultura--
_gv.31. t.2.
_tLa época de la ilustración: Las indias y la política exterior--
_gv.35
_tLa época del romanticismo (1808-1874): Orígenes. Religión. Filosofía. Ciencia --
_gv.39 t.1.
_tLa edad de plata de la cultura española (1898-1936): Identidad pensamiento y vida hispanidad --
_gv.39 t.2.
_tLa edad de plata de la cultura española (1898-1936): Letras. Ciencia. Arte. Sociedad y cultura --
651 4 _aEspaña
_xHistoria
_98844
700 1 2 _aMenéndez Pidal, Ramón
_942272
700 1 2 _aJover Zamora, José María,
_edirector
_951508
910 _aValidado. Control de calidad MFF
999 _c24609
_d24609